logo

Bir Sreshtho Munshi Abdur Rouf Library
Jhenaidah Cadet College

ভূগোল প্রথম পত্র : একাদশ-দ্বাদশ শ্রেণি / (Record no. 5301)

MARC details
000 -LEADER
fixed length control field 00855nam a2200229 a 4500
001 - CONTROL NUMBER
JCCL Control Number 5301
003 - CONTROL NUMBER IDENTIFIER
JCCL marc code BD-JhCC
005 - DATE AND TIME OF LATEST TRANSACTION
control field 20180312110615.0
008 - FIXED-LENGTH DATA ELEMENTS--GENERAL INFORMATION
fixed length control field 171128s2013 bg a|||| ||a| 000 0 ben d
035 ## - SYSTEM CONTROL NUMBER
system control number (BD-JhCC)5301
040 ## - CATALOGING SOURCE
Original cataloging agency BD-JhCC
Modifying agency BD-JhCC
041 ## - LANGUAGE CODE
Language code of Book ben
082 ## - DEWEY DECIMAL CLASSIFICATION NUMBER
Classification number 910
Author mark and Year HOS 2013
100 ## - MAIN ENTRY--PERSONAL NAME
Personal name হোসেন, এস এম আশফাক
245 ## - TITLE STATEMENT
Title ভূগোল প্রথম পত্র : একাদশ-দ্বাদশ শ্রেণি /
Statement of responsibility, etc এস এম আশফাক হোসেন; হ জ ম হাসিবুশ শহীদ
260 ## - PUBLICATION, DISTRIBUTION, ETC. (IMPRINT)
Place of publication, distribution, etc ঢাকা:
Name of publisher, distributor, etc অক্ষরপত্র প্রকাশনী,
Date of publication, distribution, etc 2013.
300 ## - PHYSICAL DESCRIPTION
Pagination 257 p. :
Other physical details illu ;
Dimensions 24 cm.
650 ## - SUBJECT ADDED ENTRY--TOPICAL TERM
Topical term or geographic name as entry element Geography
General subdivision Study and Teaching
700 ## - ADDED ENTRY--PERSONAL NAME
Personal name শহীদ, হ জ ম হাসিবুশ
942 ## - ADDED ENTRY ELEMENTS (KOHA)
Source of classification or shelving scheme Dewey Decimal Classification
Koha item type Books
Holdings
Source of classification or shelving scheme Damaged status Not for loan Home library Current library Shelving location Date of accession Cost, normal purchase price Total Checkouts Full call number Barcode Date last seen Date checked out Copy number Koha item type
Dewey Decimal Classification     JCC Rouf Library JCC Rouf Library General Stacks 12/12/2017 108.00 1 910 HOS 2013 7337 10/24/2024 03/24/2024 C-1 Books
Dewey Decimal Classification     JCC Rouf Library JCC Rouf Library General Stacks 12/21/2017 88.00   910 HOS 2013 7956 12/21/2017   C - 2 Books
Dewey Decimal Classification     JCC Rouf Library JCC Rouf Library General Stacks 03/12/2018 108.00 1 910 HOS 2013 12426 11/28/2022 11/17/2022 C-1 Books

JCC Library | Contacts | JCC Home

Last Update on 23 September 2017
Copyright @ 2017-2020 JCC Rouf Library
Rouf Library, Jhenidah Cadet College (JCC), Bangladesh